| 000 | 01084cam a22003135a 4500 | ||
|---|---|---|---|
| 001 | 016535746 | ||
| 003 | OSt | ||
| 005 | 20201128023649.0 | ||
| 008 | 131202t2014 si a frb 001 0 eng d | ||
| 020 | _a9789810694364 (paperback) | ||
| 040 |
_aStDuBDS _beng _cStDuBDS _dUk _dEG-ScBUE |
||
| 082 | 0 | 4 |
_a620.112 _222 _bHIB |
| 100 | 1 |
_aHibbeler, R. C. _910021 |
|
| 245 | 1 | 0 |
_aMechanics of materials / _cR. C. Hibbeler. |
| 250 |
_a9th ed. / SI ed. / World Wide adaptation ed. / _bcontributions by K.S. Vijay Sekar. |
||
| 260 |
_aSingapore : _bPearson Education South Asia Pte Ltd., _cc.2014. |
||
| 300 |
_axix, 879 p. : _bill. (col.) ; _c24 cm. |
||
| 500 | _aIncludes Internet access. | ||
| 500 | _aIndex : p. 866-879. | ||
| 504 | _aIncludes bibliographical references. | ||
| 650 | 7 |
_aMaterials. _2BUEsh _91256 |
|
| 650 | 7 |
_aMechanics, Applied. _2BUEsh _92049 |
|
| 650 | 7 |
_aStrength of materials. _2BUEsh _910669 |
|
| 650 | 0 |
_aStructural analysis (Engineering) _2BUEsh |
|
| 651 | _2BUEsh | ||
| 653 |
_bENGMEC _cMarch2016 |
||
| 700 | 1 |
_aSekar, K. S. Vijay, _econtributor. |
|
| 942 | _2ddc | ||
| 999 |
_c21296 _d21268 |
||